00720nam a2200181 a 450000100100000000500170001000800410002704000250006808200270009310000310012024501480015125000110029926000530031030000210036365000600038465000610044470000330050500002258720200930021704.0101013s1986 dr 000 0 spa d aDO-SdBNPbspacBNPHU a324.97293bC196h, 19861 aCampillo Pérez, Julio G.10aHistoria electoral dominicana 1848-1986 :bel grillo y el ruiseñor /cJulio G. Campillo Pérez ; presentación Caonabo Fernández Naranjo. a4a ed. aSanto Domingo :bJunta Central Electoral,c1986. a627 p. ;c24 cm. 4aEleccioneszRepública DominicanaxHistoriay1848-1986 4aPresidenteszRepública DominicanaxHistoriay1848-198612aFernández Naranjo, Caonabo